000 02020cam a2200325 a 4500
003 EG-GiCUC
005 20250223031746.0
008 170722s2016 ua o f m 000 0 fre d
040 _aEG-GiCUC
_bfre
_cEG-GiCUC
041 0 _afre
049 _aDeposite
097 _aM.A
099 _aCai01.02.13.M.A.2016.Yo.D
100 0 _aYoustina Maher Farag
245 1 3 _aLe discours politique dans des talk shows français et égyptien 2005-2011 :
_bEtude sociolinguistique /
_cYoustina Maher Farag ; Sous la direction de Madiha Doss
246 1 5 _a2011/2005الخطاب السياسى فى برامج حوارية مصرية فرنسية :
_bدراسة اجتماعية لغوية
260 _aCairo :
_bYoustina Maher Farag ,
_c2016
300 _a163 P. :
_bphotographs ;
_c25cm
502 _aThesis (M.A.) - Cairo University - Faculty of Arts - Department of French
520 _aLa télévision en général et le talk show en particulier jouent un rôle très important. Un rôle non seulement de communication, mais aussi de formation ou au moins d{u2019}orientation pour l{u2019}opinion publique. Le sujet de cette thèse s'inscrit dans deux domaines à la fois: le premier est la sociolinguistique, le second est le domaine des médias. À la lumière des études qui ont été faites sur les médias en général et de ce genre en particulier, nous allons essayer de faire une analyse comparative entre le débat politique dans un talk show qui appartient à la société française et celui d'une société égyptienne. À travers notre analyse, nous allons essayer de montrer que le mécanisme de ce genre télévisuel (le talk show) ainsi que les enjeux du débat politique dans les deux cultures ont des caractères communs
530 _aIssued also as CD
653 4 _aMédia
653 4 _aPolitique
653 4 _aTalk show
700 0 _aMadiha Doss ,
_eSupervisor
856 _uhttp://172.23.153.220/th.pdf
905 _aNazla
_eRevisor
905 _aSamia
_eCataloger
942 _2ddc
_cTH
999 _c61643
_d61643